| 000 | 01665cam a2200385 i 4500 | ||
|---|---|---|---|
| 001 | 19508084 | ||
| 003 | NUST | ||
| 005 | 20230222094555.0 | ||
| 008 | 170221s2016 pk b 001 0 eng | ||
| 010 | _a 2017332281 | ||
| 020 | _a9780199402496 | ||
| 025 | _aP-E-2017332281; 33 | ||
| 037 | _bLibrary of Congress -- Islamabad Overseas Office | ||
| 040 |
_aDLC _beng _cDLC _erda |
||
| 042 |
_alcode _apcc |
||
| 043 |
_aa-cc--- _aa-pk--- |
||
| 050 | 0 | 0 |
_aDS740.5.P3 _bA45 2017 |
| 082 | _a327.101, ALI | ||
| 100 | 1 |
_aAli, Ghulam _c(Professor) _eauthor. _999179 |
|
| 245 | 1 | 0 |
_aChina-Pakistan relations : _ba historical analysis / _cGhulam Ali. |
| 250 | _aFirst edition. | ||
| 264 | 1 |
_aKarachi : _bOxford University Press, _c2017. |
|
| 300 |
_axiii, 263 pages ; _c23 cm |
||
| 336 |
_atext _btxt _2rdacontent |
||
| 337 |
_aunmediated _bn _2rdamedia |
||
| 338 |
_avolume _bnc _2rdacarrier |
||
| 504 | _aThe Formative Phase (1950-62) (Page-8), Strengthening and Deepening of Relations (1963-77) (Page-53), China's Reforms amd Modrenisation, and Relations with Pakistan (1978-89) (Page-99), China's Policy of Balance and Stability (1990-2001)(Page-134), China's Renewed Interest in Pakistan - Relation Post-9/11 (Page-162), China-Pakistan Economic Corridor (Page-203), Factors of Durability (Page-213). | ||
| 651 | 0 |
_aChina _xForeign relations _zPakistan. _910160 |
|
| 651 | 0 |
_aPakistan _xForeign relations _zChina. _910159 |
|
| 651 | 0 |
_aPakistan _xForeign economic relations _zChina. _999180 |
|
| 651 | 0 |
_aChina _xForeign economic relations _zPakistan. _999181 |
|
| 906 |
_a7 _bcbc _corigode _d3 _encip _f20 _gy-gencatlg |
||
| 942 |
_2ddc _cBK |
||
| 999 |
_c593401 _d593401 |
||